000 00714nam a2200229Ia 4500
001 1427
003 GE_BSU
008 181216s||||||||xx |||||||||||||| ||und||
040 _cGE_BSU
080 _a581(075.8)+581.1(075.8)
100 _aБазилевская,Н.А;Мауринь, А.М;
245 _aИнтродукция растении. История и иметоды отбора исходного материала.
245 _bУчебное пособие.
260 _aРига
260 _c1982
300 _a103 с.19 см.
541 _h3 л.
653 _aБиология
653 _aИнтродукция растении.
653 _aბიოლოგია
942 _cBK
999 _c35566
_d35566